| 000 | 01161nam a2200253Ia 4500 | ||
|---|---|---|---|
| 999 |
_c52846 _d52846 |
||
| 001 | 19876 | ||
| 003 | GE_BSU | ||
| 005 | 20200423190456.0 | ||
| 008 | 181216s1995||||ge |||||||||||||| ||geo|| | ||
| 040 | _cGE_BSU | ||
| 041 | _ageo | ||
| 080 | _a811.353.1'367 ჭ-45 | ||
| 100 |
_aჭიკაძე, როინ _97938 |
||
| 245 |
_aწინადადების პარატაქსული კონსტრუქცია ქართულში / _cროინ ჭიკაძე ; რედ. ზურაბ სარჯველაძე. |
||
| 264 |
_aთბილისი : _bთბილ. უნ-ტის გამ-ბა, _c1995. |
||
| 300 |
_a195 გვ. ; _c20 სმ. |
||
| 504 | _aბიბლიოგრ. : გვ. 181-186 | ||
| 541 | _h2ლ. | ||
| 653 | _a წინადადება ქართულ ენაში | ||
| 653 | _aქართული ენა | ||
| 700 |
_a სარჯველაძე, ზურაბ _eრედაქტორი _97965 |
||
| 710 |
_aთელავის სახელმწიფო პედაგოგიური ინსტიტუტი _97966 |
||
| 942 |
_cBK _2udc |
||